Lengua es 2 /
Guardado en:
| Autor Principal: | |
|---|---|
| Otros Autores: | , , , |
| Formato: | Libro |
| Publicado: |
Buenos Aires :
Tinta Fresca,
2007
|
| Series: | Entre palabras
|
| Materias: | |
| Etiquetas: |
Agregar Etiqueta
Sin Etiquetas, Sea el primero en etiquetar este registro!
|
| LEADER | 01053nam a22002775a 4500 | ||
|---|---|---|---|
| 001 | CEM.cems012860 | ||
| 005 | 20080502121727.0 | ||
| 008 | 130507s2007##################000#0#####d | ||
| 003 | CEMS | ||
| 020 | |a 9789875761872 | ||
| 082 | 0 | 4 | |a 468 |
| 100 | 1 | |a Archanco, Pamela | |
| 245 | 1 | 0 | |a Lengua es 2 / |c Coordinado Por Pamela Archanco |
| 260 | |a Buenos Aires : |b Tinta Fresca, |c 2007 | ||
| 300 | |a 192 p. | ||
| 490 | 0 | |a Entre palabras | |
| 500 | |a Acompaña a este libro la antología Lecturas que atrapan 2educación Secundaria Básica 2º año | ||
| 505 | 0 | |a Los textos expositivos -- Los textos poéticos -- Los relatos policiales -- Los textos argumentativos -- El teatro -- La novela -- Sobre la tarea de escribir -- Sobre las palabras, las oraciones y los textos | |
| 653 | |a Lengua | ||
| 653 | |a Lengua-educación secundaria básica | ||
| 653 | |a Lengua-egb | ||
| 700 | 1 | |a Aren, Fernanda | |
| 700 | 1 | |a Cucci, Mónica | |
| 700 | 1 | |a Finocchio, Ana María | |
| 700 | 1 | |a Frutos, Sara | |
| 859 | |a CEMS |b BIB. CEMS - 11 de abril |h 468 |i Ar26 |p 25143.08 |t Ej.1 |v 2 |3 2 | ||
